| 000 | 00517nam a22001577a 4500 | ||
|---|---|---|---|
| 003 | OSt | ||
| 005 | 20151001090905.0 | ||
| 008 | 151001b xxu||||| |||| 00| 0 eng d | ||
| 040 | _cRUA | ||
| 082 | _aAVM ហែម 1992 B065 Or.1 | ||
| 100 |
_91641 _aហែម ចាន់នូ |
||
| 245 | _aសិក្សាស្រាវជ្រាវរបេងគោ ក្របី ដោយប្រើតេស្ត tuberculin | ||
| 260 |
_aPhnom Penh _bRUA _c1992 |
||
| 300 |
_a53p. _bill. _c29cm. |
||
| 942 |
_2ddc _cAVM |
||
| 999 |
_c1549 _d1549 |
||